ბათუმის შოთა რუსთაველის სახელმწიფო უნივერსიტეტის ბიბლიოთეკა

გერმანული ნეოკანტიანელობის შემეცნების თეორია. (ბიბ.ჩანაწერი № 37915)

000 -ლიდერი
ფიქსირებული სიგრძის საკონტროლო ველი 01282nam a2200265Ia 4500
001 - საკონტროლო ნომერი
საკონტროლო ველი 3893
003 - საკონტროლო ნომრის იდენტიფიკატორი
საკონტროლო ველი GE_BSU
005 - ბოლო ოპერაციის თარიღი და დრო
საკონტროლო ველი 20190820162254.0
008 - ფიქსირებული სიგრძის მონაცემთა ელემენტები - ზოგადი ინფორმაცია
ფიქსირებული სიგრძის საკონტროლო ველი 181216s1963||||ge |||||||||||||| ||geo||
040 ## - კატალოგიზაციის წყარო
Transcribing agency GE_BSU
041 ## - ენის კოდი
Language code of text/sound track or separate title geo
080 ## - უნივერსალური ათობითი კლასიფიკაციის ინდექსი
Universal Decimal Classification number 1(430) თ–41
100 ## - მთავარი ჩანაწერი - პიროვნების სახელი
Personal name თევზაძე, გურამ
9 (RLIN) 3699
245 ## - ცნობა სათაურის შესახებ
Title გერმანული ნეოკანტიანელობის შემეცნების თეორია.
Statement of responsibility, etc რედ. ზ. კაკაბაძე; საქ. სსრ მეცნ. აკად. ფილოსოფიის ინ–ტი.
264 ## - წარმოების, გამოცემის, დისტრიბუციის და სხვა ცნობები
გამოცემის, წარმოების, დისტრიბუციის... ადგილი თბ. :
გამოცემის, წარმოების, დისტრიბუციის... სახელწოდება საქ. სსრ მეცნ. აკად. გამ-ბა,
გამოცემის, წარმოების, დისტრიბუციის... თარიღი 1963.
300 ## - ფიზიკური აღწერა
Extent 348 გვ. ;
Other physical details 21 სმ.
504 ## - BIBLIOGRAPHY, ETC. NOTE
Bibliography, etc ბიბლიოგრ. შენიშვნებში
520 ## - SUMMARY, ETC.
Summary, etc რეზ. რუს. ენ.
546 ## - LANGUAGE NOTE
Language note პარალ. თავფ. რუს. ენ..
653 ## - INDEX TERM--UNCONTROLLED
Uncontrolled term ნეოკანტიანელობა
653 ## - INDEX TERM--UNCONTROLLED
Uncontrolled term შემეცნების თეორია
700 ## - ADDED ENTRY--PERSONAL NAME
Personal name კაკაბაძე, ზ.
Relator term რედაქტორი
9 (RLIN) 3700
710 ## - ADDED ENTRY--CORPORATE NAME
Corporate name or jurisdiction name as entry element საქ. სსრ მეცნ. აკად., ფილოსოფიის ინ-ტი.
9 (RLIN) 3701
942 ## - ADDED ENTRY ELEMENTS (KOHA)
Koha item type წიგნი
Source of classification or shelving scheme
ეგზემპლარები
ჩამოწერის სტატუსი დაკარგული ეგზემპლარის სტატუსი კლასიფიკაციის წყარო ან თაროზე გაწყობის სქემა დაზიანების სტატუსი არ გაიცემა მუდმივი მდებარეობა (დაცვის ადგილი) ამჟამინდელი ადგილსამყოფელი თაროზე განთავსების ადგილი შეძენის თარიღი ღირებულება, შესყიდვის ნორმალური ფასი სრული შენახვის შიფრი შტრიხკოდი ბოლო ოპერაციის თარიღი ეგზემპლარის მიმდევრობითი ნომერი (კეტერი?) ფასის ძალაში შესვლის თარიღი ეგზემპლარის სახეობა საჯარო შენიშვნა
          ბათუმის შოთა რუსთაველის სახელმწიფო უნივერსიტეტის მთავარი ბიბლიოთეკა ბათუმის შოთა რუსთაველის სახელმწიფო უნივერსიტეტის მთავარი ბიბლიოთეკა წიგნსაცავი 2018-12-17 2.30 1(430) თ–41 5467 2018-12-17 5467 2018-12-17 წიგნი 2 ლ. 30 თ.